000 01008 a2200277 4500
003 OSt
005 20180116192356.0
008 120612t xxu||||| |||| 00| 0 eng d
010 _a 94002604
020 _a0517574349 :
020 _a9780500284827
040 _c0
082 0 0 _a747.9
100 1 _aLebeau, Caroline.
_94444
245 1 0 _aFabrics :
_bthe decorative art of textiles /
_cby Caroline Lebeau ; photographs by Jacques Dirand ; text by Patricia Corbett.
250 _a1st ed.
260 _aNew York :
_bClarkson Potter,
_cc1994.
300 _a218 p. :
_bcol. ill. ;
_c32 cm.
650 1 0 _aTextile fabrics in interior decoration.
_94445
650 1 0 _aTextile fabrics
_xHistory.
_94446
700 1 _aCorbett, Patricia,
_d1951-
_94447
700 1 _aDirand, Jacques.
_94448
856 4 2 _3Publisher description
_uhttp://www.loc.gov/catdir/description/random049/94002604.html
942 _aSADA
_cBK
_k747.9 LEB 1994
_2ddc
999 _c353122
_d353122